000 00381 a2200109 4500
001 ART_59907
005 20260410161801.0
008 260409a
245 1 0 _aTribunal fiscal de la nación: la prejudicialidad y la secuencia temporal lógica de los procesos
100 1 _aGarcia Sinagra, Claudio
773 0 _tDoctrina tributaria
_g- N° 525 (dic. 2023)
_wREV4296
999 _c20607
_d20607